000 00731nam a22001937a 4500
001 BD-DhSAU 2760
003 BD-DhSAU
005 20150202131840.0
008 150202b1987 bg a|||| |||| 00| 0 b d
040 _aBD-DhSAU
082 _222
_a৫৭৪.১৯
_bসিরাআ
100 _aসিরাজউদ্দিন, আ স ম
245 _aআধুনিক প্রাণরসায়ন /
_cআ স ম সিরাজউদ্দিন
260 _aঢাকা :
_bবাংলা একাডেমী ;
_c১৯৮৭।
300 _avi, ৩৯৫ পৃ.:
_bচিএ,
_c২৫ সে.মি.
504 _aগ্রন্থপুঞ্জি
590 _aimran
650 _aপ্রাণরসায়ন
942 _2ddc
_cBOOK
999 _c2760
_d2760